00970nam a2200193 a 450000100100000000500170001000800410002702000150006804000250008310000450010824500950015326001090024830001110035749000400046871000980050883000470060695201060065399900170075900003920720201002031538.0130611s2005 dr 000 0 spa d a8400083482 aDO-SdBNPbspacBNPHU1 aVela Valldecabres, Daniel,d1971-96539710aDel simbolismo a la hermenéutica :bPaul Ricoeur(1950-1985) /cDaniel Vela Valldecabres. aMadrid :bConsejo Superior de Investigaciones Científicas; : Instituto de la Lengua Española,c2005. a191 p. :bConsejo Superior de Investigaciones Científicas; : Instituto de la Lengua Española ;c25 cm.1 aAnejos de revista de literaturav672 aConsejo Superior de Investigaciones Científicas; : Instituto de la Lengua Española965398 0aAnejos de revista de literaturav67915426 00107-18PDaGRbGRcOId2013-06-11iLF1l0o p39207-10r2020-06-25w2020-06-25yLFPDZNo se presta c38697d38697